| 000 | 00640nam a22002057a 4500 | ||
|---|---|---|---|
| 003 | 0 | ||
| 005 | 20250506172541.0 | ||
| 008 | 250506b xxu||||| |||| 00| 0 eng d | ||
| 020 | _a9786214270903 | ||
| 050 |
_aTS 155 _b.M379 2021 |
||
| 100 |
_aMartin, Matt _eauthor |
||
| 245 |
_aProduction management _cMatt Martin |
||
| 260 |
_aManila _bUnlimited Books Library Services & Publishing Inc. _cc2021 |
||
| 300 |
_ax, 423 pages ; _c26cm. |
||
| 650 | _aProduction management. | ||
| 650 | _aProduction management – Philippines. | ||
| 650 | _aOperations management. | ||
| 650 | _aManufacturing processes—Management. | ||
| 942 |
_2lcc _cBK |
||
| 999 |
_c367457 _d367457 |
||